| 000 | 00767nam a2200229 a 4500 | ||
|---|---|---|---|
| 001 | 000025663 | ||
| 005 | 20200930023944.0 | ||
| 008 | 110216s1971 sp r 000 |aspa d | ||
| 040 |
_aDO-SdBNP _bspa _cBNPHU |
||
| 041 |
_aspa _heng _2Código de idioma MARC |
||
| 082 |
_axxx _bR692D |
||
| 100 | 1 |
_aRodis-Lewis, Geneviève , _952406 |
|
| 240 | 1 | 0 |
_aDescartes et le rationalisme _lEspañol |
| 245 | 1 | 0 |
_aDescartes y el racionalismo / _cGeneviève Rodis-Lewis; traducción Francese Domingo. |
| 260 |
_aBarcelona : _bOikos-Tau, _c1971. |
||
| 300 |
_a124 p. ; _c18 cm. |
||
| 490 | 1 |
_aQue sais-je? _v58 |
|
| 534 |
_aTítulo original : _tDescartes et le rationalisme |
||
| 700 | 1 |
_aDomingo , Francese , _etr. _952407 |
|
| 830 | 0 |
_aQue sais-je? , _v58 _952408 |
|
| 049 | _aBNGR | ||
| 999 |
_c25155 _d25155 |
||